[Event "Miedzyzdroje OB Seniors 23rd"]
[Site "Miedzyzdroje"]
[Date "2015.06.17"]
[Round "1"]
[White "Weidlich, Guenter"]
[Black "Casny, Guenter"]
[Result "1-0"]
[WhiteElo "2195"]
[BlackElo "1820"]
[PlyCount "93"]
[EventDate "2015.06.17"]
[EventType "swiss"]
[EventRounds "8"]
[EventCountry "POL"]
[SourceTitle "EXT 2018"]
[Source "ChessBase"]
[SourceDate "2017.10.13"]
[SourceVersion "1"]
[SourceVersionDate "2017.10.13"]
[SourceQuality "1"]

1. d4 d5 2. Nf3 Nf6 3. c4 e6 4. g3 c6 5. Bg2 Be7 6. 0-0 0-0 7. Nbd2 Nbd7 8. Qc2 b6 9. e4 dxe4 10. Nxe4 Bb7 11. Rd1 Nxe4 12. Qxe4 Nf6 13. Qc2 Re8 14. b3 a5 15. Bb2 Qc7 16. c5 Nd5 17. Rac1 b5 18. a3 Ba6 19. Bc3 Bf6 20. Bb2 Bc8 21. Re1 Bd7 22. Re2 a4 23. b4 Qd8 24. Rce1 Ra7 25. h4 Rf8 26. Bc1 Rc7 27. Qd3 g6 28. Nd2 Bg7 29. Nf3 f5 30. Ng5 Qf6 31. Nxe6 Bxe6 32. Rxe6 Qxd4 33. Qxd4 Bxd4 34. Rxc6 Rd7 35. Bf3 Nc3 36. Rb6 Rff7 37. Bh6 Rd8 38. Kg2 Rfd7 39. Bg5 Rf8 40. Bf4 Nd5 41. Bxd5+ Rxd5 42. Rxb5 Bb2 43. Re3 Bd4 44. Rd3 Rfd8 45. Rb8 Kf7 46. Rxd8 Rxd8 47. Be5 1-0

[Event "Berlin-ch Seniors op 31st"]
[Site "Berlin"]
[Date "2015.02.03"]
[Round "5"]
[White "Bonke, Hans Juergen"]
[Black "Casny, Guenter"]
[Result "1-0"]
[WhiteElo "1803"]
[BlackElo "1580"]
[PlyCount "105"]
[EventDate "2015.01.29"]
[EventType "swiss"]
[EventRounds "9"]
[EventCountry "GER"]
[SourceTitle "EXT 2018"]
[Source "ChessBase"]
[SourceDate "2017.10.13"]
[SourceVersion "1"]
[SourceVersionDate "2017.10.13"]
[SourceQuality "1"]

1. d4 d5 2. Nf3 c6 3. Bf4 Nd7 4. c3 Ngf6 5. e3 Nh5 6. Bg5 h6 7. Bh4 g5 8. Nfd2 Ndf6 9. Be2 Ng7 10. Bg3 Bf5 11. h3 e6 12. Qb3 Qd7 13. Nf3 Be7 14. Ne5 Qc8 15. Nd2 Ne4 16. Nxe4 Bxe4 17. 0-0 0-0 18. Bd3 Bxd3 19. Nxd3 Nf5 20. Bh2 Bd6 21. Bxd6 Nxd6 22. Qd1 Nf5 23. Qh5 Kh7 24. Ne5 Ng7 25. Qe2 f5 26. f4 Qe8 27. g4 Qe7 28. Rf2 Rg8 29. Rg2 Raf8 30. Rf1 Ne8 31. gxf5 exf5 32. Rff2 Nd6 33. fxg5 Rxg5 34. Rxg5 Qxg5+ 35. Rg2 Qh4 36. Ng6 Qf6 37. Nxf8+ Qxf8 38. Qh5 Qf6 39. Qf3 Qe7 40. Qf4 Qe6 41. h4 Ne8 42. h5 Qf7 43. Rg6 Qf8 44. b3 Nf6 45. Qxf5 Qe7 46. Qf4 Ng8 47. c4 dxc4 48. bxc4 Qd7 49. Kf2 Qe7 50. e4 Qd7 51. e5 Kh8 52. e6 Qd8 53. Qe5+ 1-0

[Event "Berlin Lichtenberger op 13th"]
[Site "Berlin"]
[Date "2014.08.22"]
[Round "7"]
[White "Schindler, Rudolf"]
[Black "Casny, Guenter"]
[Result "1-0"]
[WhiteElo "1846"]
[BlackElo "1854"]
[PlyCount "157"]
[EventDate "2014.08.16"]
[EventType "swiss"]
[EventRounds "9"]
[EventCountry "GER"]
[SourceTitle "CBM 161 Extra"]
[Source "ChessBase"]
[SourceDate "2014.08.29"]
[SourceVersion "1"]
[SourceVersionDate "2014.08.29"]
[SourceQuality "1"]

1. g3 d5 2. c4 e6 3. b3 Nf6 4. Nf3 Nbd7 5. Bb2 c6 6. Bg2 a5 7. cxd5 cxd5 8. 0-0 Be7 9. a3 0-0 10. d3 b5 11. Nd4 Qb6 12. e3 Ba6 13. Re1 Rfc8 14. Nc3 Rc7 15. a4 Bb4 16. Ndxb5 Bxb5 17. Nxb5 Bxe1 18. Nxc7 Bxf2+ 19. Kxf2 Qxc7 20. Rc1 Qb7 21. Bf3 h6 22. Qc2 Rb8 23. Bd1 e5 24. Qc6 e4 25. Qxb7 Rxb7 26. Rc8+ Kh7 27. d4 h5 28. h3 Nb6 29. Rc2 Nbd7 30. Rc3 g5 31. Ba3 g4 32. h4 Kg7 33. Bd6 Ra7 34. Be2 Ne8 35. Bf4 Nef6 36. Bb5 Nf8 37. Bc7 Ne6 38. Be5 Kg6 39. Rc6 Nd7 40. Bd6 Kg7 41. Kg2 Rb7 42. Rc3 Nf6 43. Be5 Kg6 44. Bc6 Rb6 45. Bxf6 Kxf6 46. Bxd5 Rb4 47. Bc4 Ke7 48. Rc2 f5 49. Rf2 Kf6 50. Kf1 Nc7 51. Rc2 Ne8 52. Rc3 Nd6 53. Bd5 Rb6 54. Ke2 f4 55. gxf4 Nf5 56. Bxe4 Nxh4 57. Kf2 Nf5 58. Bxf5 Kxf5 59. Kg3 h4+ 60. Kxh4 Rh6+ 61. Kg3 Rh3+ 62. Kg2 Ke4 63. f5 Rf3 64. Rc5 Kxe3 65. Rc3+ Kxd4 66. Rxf3 gxf3+ 67. Kxf3 Ke5 68. Ke3 Kxf5 69. Kd4 Ke6 70. Kc4 Kd6 71. Kb5 Kc7 72. Kxa5 Kb7 73. Kb5 Ka7 74. Kc6 Kb8 75. Kb6 Ka8 76. Kc7 Ka7 77. b4 Ka8 78. b5 Ka7 79. b6+ 1-0

[Event "Berlin Lichtenberger op 13th"]
[Site "Berlin"]
[Date "2014.08.18"]
[Round "3"]
[White "Bauer, Stefan"]
[Black "Casny, Guenter"]
[Result "1-0"]
[WhiteElo "1614"]
[BlackElo "1854"]
[PlyCount "151"]
[EventDate "2014.08.16"]
[EventType "swiss"]
[EventRounds "9"]
[EventCountry "GER"]
[SourceTitle "CBM 161 Extra"]
[Source "ChessBase"]
[SourceDate "2014.08.29"]
[SourceVersion "1"]
[SourceVersionDate "2014.08.29"]
[SourceQuality "1"]

1. Nf3 c5 2. c4 Nc6 3. Nc3 e6 4. d3 Nf6 5. h3 Be7 6. Bf4 a6 7. e4 d6 8. Bh2 0-0 9. a3 Qc7 10. Be2 Bd7 11. 0-0 Nd4 12. Nxd4 cxd4 13. Nb1 Qb6 14. b4 Rfc8 15. Nd2 a5 16. b5 d5 17. e5 Ne8 18. a4 Bb4 19. Rc1 Nc7 20. Nf3 Rf8 21. Qc2 Rac8 22. Rb1 dxc4 23. dxc4 Nd5 24. Bd3 g6 25. Rb3 Bc3 26. cxd5 exd5 27. Qe2 f5 28. Bf4 h6 29. Bxh6 Rf7 30. Bg5 Rh7 31. Bf6 Re8 32. Qd1 Be6 33. Ng5 Rh5 34. f4 Qc5 35. Qf3 b6 36. Qg3 Rh6 37. Nf3 Qc8 38. Kh2 Qd7 39. Rc1 Rc8 40. Rc2 Rc5 41. Qf2 Qc8 42. Qg3 Kh7 43. Ng5+ Kg8 44. Nf3 Kh7 45. Rb1 Kg8 46. Be7 Rc4 47. Bxc4 dxc4 48. Qg5 Rh7 49. Bf6 Qe8 50. Rd1 Rd7 51. Nh4 Kh7 52. Nf3 Kg8 53. Nh4 Kh7 54. Nf3 Kg8 55. Kg3 Qf7 56. Nh4 Kh7 57. Nf3 Kg8 58. h4 Qh7 59. Rh1 Qh5 60. Qxh5 gxh5 61. Ng5 Bd5 62. e6 Ra7 63. e7 Ra8 64. Rd1 Re8 65. Rxc3 d3 66. Kf2 Ra8 67. g3 Re8 68. Ke3 Bf7 69. Kd4 Rc8 70. Rdxd3 Rc5 71. Nxf7 Kxf7 72. Re3 Kxf6 73. e8Q Rc7 74. Re6+ Kg7 75. Qg6+ Kf8 76. Re8# 1-0

[Event "Berlin-ch Seniors op 30th"]
[Site "Berlin"]
[Date "2014.02.01"]
[Round "3"]
[White "Casny, Guenter"]
[Black "Hoppensack, Manfred"]
[Result "0-1"]
[WhiteElo "1670"]
[BlackElo "1847"]
[PlyCount "60"]
[EventDate "2014.01.30"]
[EventType "swiss"]
[EventRounds "9"]
[EventCountry "GER"]
[SourceTitle "EXT 2018"]
[Source "ChessBase"]
[SourceDate "2017.10.13"]
[SourceVersion "1"]
[SourceVersionDate "2017.10.13"]
[SourceQuality "1"]

1. c4 e5 2. Nc3 Nf6 3. Nf3 Nc6 4. g3 d6 5. Bg2 Be6 6. b3 Qd7 7. Ng5 Bf5 8. e4 Bg4 9. f3 Bh5 10. Bh3 Qd8 11. Bg2 h6 12. Nh3 Qd7 13. Nf2 Nd4 14. 0-0 Nh7 15. g4 Bg6 16. d3 Be7 17. Ne2 Ne6 18. Ng3 Bh4 19. Nf5 Bxf5 20. exf5 Nd4 21. Be3 0-0-0 22. b4 g6 23. fxg6 fxg6 24. b5 Bg5 25. Bxd4 exd4 26. Qa4 Kb8 27. Ne4 Be3+ 28. Kh1 Ng5 29. Nf6 Qf7 30. Nd5 Ne6 0-1